000 00263nam a2200109Ia 4500
008 190216s9999||||xx |||||||||||||| ||und||
100 _aVivekiray
245 0 _aHindi-Njanabodan Soukiye
260 _bNew Age International Publishers
300 _a123
942 _cBK
999 _c15905
_d15905